<?xml version="1.0" encoding="UTF-8"?>
<collection xmlns="http://www.loc.gov/MARC21/slim">
 <record>
  <leader>00898cam a2200181 7i4500</leader>
  <controlfield tag="001">0000136854</controlfield>
  <controlfield tag="005">20100727090000.0</controlfield>
  <controlfield tag="002">  0000001921</controlfield>
  <datafield tag="090" ind1="0" ind2="0">
   <subfield code="a">LI 15 FPE 3 2004 </subfield>
  </datafield>
  <datafield tag="100" ind1="0" ind2="#">
   <subfield code="a">Siti Hajar Musa </subfield>
  </datafield>
  <datafield tag="245" ind1="1" ind2="0">
   <subfield code="a">Laporan akhir latihan industri di Syarikat Gagasan Carriers Sdn. Bhd  </subfield>
   <subfield code="c">Siti Hajar Musa.</subfield>
  </datafield>
  <datafield tag="260" ind1="#" ind2="#">
   <subfield code="a">Terengganu: </subfield>
   <subfield code="b">Kolej Universiti Sains dan Teknologi Malaysia, </subfield>
   <subfield code="c">2004.</subfield>
  </datafield>
  <datafield tag="300" ind1=" " ind2=" ">
   <subfield code="a">46 p.: </subfield>
   <subfield code="b">col.ill.; </subfield>
   <subfield code="c">30 cm..</subfield>
  </datafield>
  <datafield tag="502" ind1="#" ind2="#">
   <subfield code="a">Latihan Industri FPE (Ijazah Sarjana Muda Pengurusan - Maritim)</subfield>
  </datafield>
  <datafield tag="520" ind1="3" ind2="#">
   <subfield code="a">Syarikat ini menawarkan perkhidmatan pengurusan komersil perkapalan yang merangkumi aktiviti-aktiviti seperti 'chartering', operasi perkapalan, projek konsultan dan lain-lain perkhidmatan yang berkaitan dengan industri maritim</subfield>
  </datafield>
  <datafield tag="602" ind1="#" ind2="#">
   <subfield code="a">Latihan Industri FPE 2004</subfield>
  </datafield>
  <datafield tag="999" ind1=" " ind2=" ">
   <subfield code="a">1100032957</subfield>
   <subfield code="b">Book</subfield>
   <subfield code="c">Latihan Industri</subfield>
   <subfield code="e">BILIK ARKIB</subfield>
  </datafield>
  <datafield tag="999" ind1=" " ind2=" ">
   <subfield code="a">1100032956</subfield>
   <subfield code="b">Book</subfield>
   <subfield code="c">Latihan Industri</subfield>
   <subfield code="e">BILIK ARKIB</subfield>
  </datafield>
 </record>
</collection>
